00501nam a2200169Ia 450000500170000000800410001702000150005808200240007324500840009726000360018130000120021765000100022965000090023965000130024865000240026170000460028520250217042839.0240331s9999 xx 000 0 und d a818510753X bCOM23559a305.4095 0aWomen's Studies Women's Lives:bTheory and Practice in South and Southeast Asia aNew DelhibKali for Womenc1994 a208 p., aWomen aAsia aFeminism aWomen's Development aCommittee on Women's Studies in Asiaeedt